Patterns of psychosexual infantilism: disorders of the instincts and emotions
Kaydedildi:
| Yazar: | |
|---|---|
| Materyal Türü: | Kitap |
| Dil: | İngilizce |
| Baskı/Yayın Bilgisi: |
Nueva York
Grove Press
1959
|
| Konular: | |
| Etiketler: |
Etiketle
Etiket eklenmemiş, İlk siz ekleyin!
|
MARC
| LEADER | 00000nam a2200000 a 4500 | ||
|---|---|---|---|
| 001 | UCX4386 | ||
| 003 | CL-VaPUC | ||
| 008 | 920429e19590000US |||||||||||||||||eng|d | ||
| 082 | 0 | 4 | |a 306.7 |b STE |2 21 |
| 100 | 0 | |a Stekel, Wilhelm |e author |9 320531 | |
| 245 | 1 | 0 | |a Patterns of psychosexual infantilism: disorders of the instincts and emotions |
| 300 | |a 412 p | ||
| 942 | |c BK | ||
| 945 | |d 19920429 00:00:00 | ||
| 260 | |a Nueva York |b Grove Press |c 1959 | ||
| 650 | 7 | |a TRASTORNOS PSICOSEXUALES PREVENCION Y CONTROL |2 CL-VaPUC |9 320532 | |
| 650 | 7 | |a TRASTORNOS SEXUALES |2 CL-VaPUC |9 309896 | |
| 650 | 7 | |a DESVIACIONES SEXUALES |2 CL-VaPUC |9 320533 | |
| 583 | |a last modification |c 19920429 00:00:00 |k Rodrigo Vera | ||
| 999 | |c 224852 |d 224850 | ||
| 952 | |0 0 |1 0 |4 0 |6 306_700000000000000_STE_1959 |7 0 |8 A |9 221851 |a BIBGIM |b BIBGIM |d 2019-11-15 |i 2907380 |o 306.7 STE 1959 |p 2907380 |r 2025-01-15 |w 2019-11-15 |y BK |k SSL | ||